Języki urzędowe Unii Europejskiej - Statystyki

Ogólne statystyki
  • Ten quiz został rozwiązany 343 razy
  • Średni wynik to 20 z 24
Statystyki odpowiedzi
Odsetek używających Język % Poprawnych
33% niemiecki
100%
47% angielski
99%
9% polski
99%
31% francuski
97%
15% hiszpański
96%
15% włoski
96%
3% portugalski
91%
3% czeski
89%
2% słowacki
86%
3% szwedzki
85%
?% chorwacki
84%
4% grecki
82%
?% rumuński
82%
?% litewski
78%
2% duński
77%
?% estoński
77%
2% węgierski
77%
?% łotewski
76%
?% słoweński
74%
?% bułgarski
73%
1% fiński
71%
6% niderlandzki
69%
?% irlandzki
65%
?% maltański
40%
Nie znaleziono quizów pasujących do podanych kryteriów
Rozkład punktacji
Procent ludzi z każdym wynikiem
Percentyl według liczby udzielonych odpowiedzi
Twoja historia wyników
Nie rozwiązałeś tego quizu